| 000 | 00348nam a2200133Ia 4500 | ||
|---|---|---|---|
| 008 | 260604s9999 xx 000 0 und d | ||
| 020 | _a9781836590781 | ||
| 082 | _a337 WIL | ||
| 100 |
_aBy matthew wilson _935668 |
||
| 245 | 0 | _aForeign Resources and Economic Development | |
| 260 | _bEd-Tech Press | ||
| 500 | _aEconomy, International | ||
| 942 | _cBK | ||
| 999 |
_c8492 _d8492 |
||